1362 1873 1191 1263 1543 1891 1561 1861 1199 1299 1007 1397 1132 1800 1584 1921 1239 1806 1306 1073 1527 1412 1762 1290 1370 1237 1566 1599 1537 1929 1143 1067 1642 1814 1942 1797 1851 1556 1482 1573 1436 1229 1446 1701 1227 1103 1478 1753 1044 1067 1452 1454 1074 1915 1857 1409 1298 1295 1467 1727 1625 1064 1001 1223 1383 1031 1155 1137 1496 1787 1540 1646 1835 1582 1937 1996 1138 1665 1876 1185 1178 1093 1703 1564 1283 1552 1547 1661 1138 1683 1552 1636 1737 1832 1188 1872 1234 1701 1196 BCNSPRNW ULIB Ver.6.0+V

เปลี่ยนเป็นภาษาไทย

Change to English
 แสดงรายละเอียดบรรณานุกรม
  กลับหน้าหลัก

Brief Record : Get Marc (ISO 2709) : E-mail record : QR code < ปิดหน้าต่าง
LEADER : 00000nam 2200000uu 4500
001    13399124704
003     ULIB
008    160119s2005||||th 000 0 eng d
020    ^a 9740466443
099    ^aวพ.HQ31^bC559ef
100 0  ^aChuntana Gasonbou,^d1974-
245 14 ^aThe effects of a participatory learning sexual health education program on self-efficacy of sexual health behaviors among 6th grade students =^bผลของโปรแกรมการสอนสุขภาพทางเพศแบบมีส่วนร่วมต่อการรับรู้ความสามารถของตนเองเกี่ยวกับพฤติกรรมสุขภาพทางเพศของนักเรียนชั้นประถมศึกษาปีที่ 6 /^cChuntana Gasonbou
246 31 ^aผลของโปรแกรมการสอนสุขภาพทางเพศแบบมีส่วนร่วมต่อการรับรู้ความสามารถ ของตนเองเกี่ยวกับพฤติกรรม สุขภาพทางเพศของนักเรียนชั้นประถมศึกษาปีที่ 6
260    ^a^c2005
300    ^av, 98 leaves ;^c30 ซม.
500    ^aSend to Single Search
502    ^aThesis (M.N.S. (Pediatric Nursing))--Mahidol University, 2005
591    ^aLICL has E-Thesis 0007 ; please contact Computer Services
610 20 ^aMahidol University^xDissertations
610 20 ^aMahidol University. ^bFaculty of Medicine Ramathibodi Hospital^xDissertations
650  0 ^aAdolescence^xSexual behavior
650  0 ^aSex education
650  0 ^aThesis
650  2 ^aSelf Efficacy
691    ^aM.N.S. (2005)
692    ^aAdult Nursing (Mahidol University 2005)
700 0  ^aRutja Phuphaibul,^eths
710 2  ^aMahidol University
710 2  ^aMahidol University. ^bFaculty of Medicine Ramathibodi Hospital
945    ^p0^l0^i000254
999    ^aเกษร โพธิ์สุวรรณ
รายการนี้ยังไม่มีแท็ก
คุณยังไม่ได้ล็อกอิน คุณสามารถมีกิจกรรมร่วมกับเว็บไซต์ได้ แต่ต้องล็อกอินก่อน ::
  ล็อกอิน

รายการสื่อสารสนเทศ

ลำดับที่ ประเภท เลขเรียก/บาร์โค้ด สถานที่ สถานะ
1. วิทยานิพนธ์
วิทยานิพนธ์
วพ.HQ31 C559ef ฉ.1 
  Barcode: 000254
ห้องสมุดวิทยาเขตสวรรค์ประชารักษ์
► วิทยานิพนธ์
บนชั้น

รายการใกล้เคียง
    หัวเรื่อง [Sex education]
    หัวเรื่อง [Thesis]
    หัวเรื่อง [Self Efficacy]

BibComment


ยังไม่เคยถูกคอมเมนท์

คอมเมนท์ทรัพยากรรายการนี้
  คอมเมนท์: The effects of a..


 Copyright 2026. Bcnsprnw @Library